Régions de World of Warcraft - Statistiques

Statistiques générales
  • Ce quiz a été pris 400 fois
    357 depuis la dernière actualisation
  • Le résultat moyen est 53 sur 132
Statistiques - réponses
Hint Réponse % Correct
Durotar
80%
Forêt d'Elwynn
75%
Tarides du Nord
72%
Tarides du Sud
72%
Kalimdor Teldrassil
69%
Cratère d'Un'Goro
68%
Désolace
67%
Tanaris
67%
Marche de l'Ouest
66%
Mont Hyjal
65%
Maleterres de l'Est
63%
Maleterres de l'Ouest
63%
Berceau de l'hiver
62%
Gangrebois
62%
Orneval
61%
Dun Morogh
60%
Féralas
60%
Forêt d'Ombrelune
60%
Les Carmines
60%
Vallée d'Ombrelune
60%
Azshara
59%
Nagrand
59%
Nagrand Draenor
59%
Silithus
59%
Sombrivage
59%
Uldum
59%
Bois de la Pénombre
57%
Pandarie Forêt de Jade
57%
Mille pointes
55%
Mulgore
55%
Terres fantômes
55%
Couronne de Glace
54%
Désolation des dragons
54%
Hautes-terres d'Arathi
54%
Outreterre Péninsule des flammes infernales
54%
Clairières de Tirisfal
53%
Loch Modan
53%
Forêt des Pins Argentés
52%
Marécage d'Âprefange
52%
Les Grisonnes
51%
Les Paluns
51%
Ile de Brume-azur
50%
Marécage de Zangar
50%
Terres foudroyées
50%
Ile de Brume-sang
49%
Les Tranchantes
49%
Norfendre Toundra boréenne
48%
Bois des chants Eternels
47%
Raz-de-Néant
47%
Steppes ardentes
47%
Terres ingrates
47%
Haut Roc
46%
Pics Foudroyés
46%
Forêt de Terokkar
45%
Strangleronce septentrionale
45%
Fjord hurlant
43%
Gilnéas
43%
Hinterlands
43%
Reflet-de-Lune
43%
Sommet de Kun Lai
43%
Hautes-terres du Crépuscule
42%
Suramar
42%
Dalaran
41%
Défilé de Deuillevent
41%
Le Bastion
41%
Serres rocheuses
41%
Contrefort de Hautebrande
40%
Ile du tonnerre
40%
Maldraxxus
40%
Val de l'éternel printemps
40%
Zul'Drak
40%
Iles brisées Azsuna
39%
Gorge des vents brûlants
39%
Royaumes de l'Est Ile de Quel'Danas
39%
Marais des Chagrins
39%
Nazmir
39%
Zuldazar
39%
Bassin de Sholazar
38%
Vol'dun
38%
Ile du temps figé
36%
Tornheim
36%
Vallée des Quatre Vents
36%
Val'Sharah
36%
Drustvar
35%
Forêt du chant de cristal
35%
L'Antre
35%
Ombreterre Oribos
35%
Revendreth
35%
Gorgrond
34%
Joug d'hiver
34%
Cap strangleronce
33%
Flèches d'Arak
33%
Jungle de Tanaan
32%
Rivage Brisé
32%
Steppes de Tanglong
32%
Vallée Chantorage
32%
Kul Tiras / Zandalar Rade de Tiragarde
31%
Etendues sauvages de Krasarang
30%
Ile des géants
30%
Crète de Givrefeu
29%
Terres de l'angoisse
29%
Sylvarden
27%
Tol Barad
25%
Le Maelstrom
24%
Le Tréfonds
24%
Zereth Mortis
24%
Mécagone
23%
Nazjatar
23%
Divers Kezan
22%
Draenor A'shran
21%
Talador
21%
Plaines d'Ohn'ahra
19%
Rivages de l'Eveil
18%
Etendues antoréennes
16%
Korthia
16%
Ile Vagabonde
15%
Ile de Sombrelune
14%
Thaldraszus
14%
Etendues Chatoyantes
13%
Argus Krokuun
13%
L'escalier dérobé
13%
Forêt de Varech
12%
Accostage de Hrothgar
11%
Iles perdues
11%
Profondeurs abyssales
11%
Confins de l'Exil
10%
Travée Azur
10%
Péninsule de Tol Barad
9%
Eredath
8%
Iles aux Dragons Confins Interdits
7%
Caverne de Zaralek
6%
Mardum
5%
Aucun quiz correspondant
Distribution des résultats
% des personnes avec chaque résultat
Percentile par nombre de réponses
Votre historique - résultats
Vous n’avez pas pris ce quiz depuis la dernière actualisation